A Dudvág Kistérség dinamikusan fejlődő települése a "nagymácsédi bronzkereszt" díszítette a csehszlovák fém tízkoronást

Bibliographic Details
Main Author: Zolczer, László, 1949- (Author)
Format: Article
Language:Hungarian
PhysicalDescription:Fotogr.
ISSN:1335-6631
Subjects:

MARC

LEADER 00000nab a2200000 ar4500
001 vtls010034294
003 SK-MaSNL
005 20260319074257.0
008 091222c2009 xo |||||||| 000 b|hun
015 |a SNBRB2009/12  |2 snkbucl 
038 |a SNKBUCL 
040 |a DSZK  |b slo  |c DSZK  |e AACR2 
041 0 |a hun 
044 |a xo  |c SK 
080 |a 332.1  |x (437.6)  |2 1997 
080 |a 908  |x (437.6)  |2 1997 
100 1 |a Zolczer, László,  |d 1949-  |4 aut  |9 840441 
245 1 0 |a A Dudvág Kistérség dinamikusan fejlődő települése  |b a "nagymácsédi bronzkereszt" díszítette a csehszlovák fém tízkoronást  |c Zolczer László 
300 |b Fotogr. 
650 0 7 |a regionálny rozvoj  |2 snkbucl  |9 2352 
651 7 |a Veľká Mača (Slovensko)  |2 snkbucl  |9 17122 
655 7 |a reportáže  |2 snkbucl  |9 28856 
773 0 |t Szabad újság  |g Évf. XVII, sz. 50 (2009), o. 22-23  |x 1335-6631 
852 |a SNK  |b KIS3GCP 
852 |a DSZK  |b KIS3GCP 
958 |a HU 
958 |a SK 
999 |c 1703913  |d 1705843